| 000 | 00397nam a2200109Ia 4500 | ||
|---|---|---|---|
| 008 | 170221s9999 xx 000 0 und d | ||
| 100 | _aDuky Charles | ||
| 245 | _aEffects of Servant Leadership on Satisfaction with Leaders: Inclusion of Situational Variables | ||
| 245 | _cDuky Charles | ||
| 650 | _xBusiness | ||
| 856 | _uhttp://www.regent.edu/acad/global/publications/elj/vol8iss1/3ELJ-Charles.pdf | ||
| 999 |
_c307597 _d307597 |
||